书目信息 |
| 题名: |
德皇威廉二世回忆录
|
|
| 作者: | 威廉二世 著 ;赵娟丽, 译 | |
| 分册: | ||
| 出版信息: | 北京 华文出版社 2019.01 |
|
| 页数: | 454页 | |
| 开本: | 25cm | |
| 丛书名: | 华文全球史 | |
| 单 册: | ||
| 中图分类: | K835.167=52 , K835.16 | |
| 科图分类: | ||
| 主题词: | 政治人物--zheng zhi ren wu--回忆录--德国--现代 | |
| 电子资源: | ||
| ISBN: | 978-7-5075-4984-3 | |
| 000 | 01563nam 2200301 450 | |
| 001 | 2230156890 | |
| 005 | 20220917082259.21 | |
| 010 | @a978-7-5075-4984-3@b精装@dCNY115.00 | |
| 100 | @a20190510d2019 em y0chiy50 ea | |
| 101 | 1 | @achi@cger |
| 102 | @aCN@b110000 | |
| 105 | @aa z 000yd | |
| 200 | 1 | @a德皇威廉二世回忆录@Ade huang wei lian er shi hui yi lu@d= William Ⅱ: the Kaiser's memoirs@f(德) 威廉二世著@g赵娟丽译@zeng |
| 210 | @a北京@c华文出版社@d2019.01 | |
| 215 | @a454页@c图@d25cm | |
| 225 | 2 | @a华文全球史@Ahua wen quan qiu shi@v007 |
| 314 | @a威廉二世, 德意志第二帝国末代皇帝。赵娟丽, 研究方向为翻译理论与实践及儿童文学翻译研究。 | |
| 330 | @a本书是德意志第二帝国末代君主威廉二世流亡荷兰期间, 对德意志统一、德意志第二帝国崛起、第一次世界大战、德意志革命、德意志第二帝国灭亡等重大历史事件的回忆。威廉二世是怎样对待和评价德意志统一和崛起的功臣俾斯麦的 ; 德意志第二帝国的外交斗争在他的领导下为什么如此跌宕起伏、交锋激烈 ; 第一次世界大战为什么会爆发 ; 德意志革命发生的根源是什么 ; 德意志第二帝国覆亡阶段发生了哪些不可思议或令人唏嘘的事情, 等等, 本书都给予翔实、充分的解答。 | |
| 410 | 0 | @12001 @a华文全球史@v007 |
| 510 | 1 | @aWilliam Ⅱ: the Kaiser's memoirs@zeng |
| 600 | 1 | @a威廉二世@Awei lian er shi@g(William, Ⅱ),@f1859-1941@x回忆录 |
| 606 | 0 | @a政治人物@Azheng zhi ren wu@x回忆录@y德国@z现代 |
| 690 | @aK835.167=52@v5 | |
| 690 | @aK835.16@v4 | |
| 701 | 1 | @a威廉二世@Awei lian er shi@g(William, Ⅱ),@f1859-1941@4著 |
| 702 | 0 | @a赵娟丽,@Azhao juan li@f1980-@4译 |
| 801 | 0 | @aCN@b人天书店@c20190510 |
| 905 | @aZUCC@dK835.16@e3 | |
| 德皇威廉二世回忆录= William Ⅱ: the Kaiser's memoirs/(德) 威廉二世著/赵娟丽译.-北京:华文出版社,2019.01 |
| 454页:图;25cm.-(华文全球史;007) |
| ISBN 978-7-5075-4984-3(精装):CNY115.00 |
| 本书是德意志第二帝国末代君主威廉二世流亡荷兰期间, 对德意志统一、德意志第二帝国崛起、第一次世界大战、德意志革命、德意志第二帝国灭亡等重大历史事件的回忆。威廉二世是怎样对待和评价德意志统一和崛起的功臣俾斯麦的 ; 德意志第二帝国的外交斗争在他的领导下为什么如此跌宕起伏、交锋激烈 ; 第一次世界大战为什么会爆发 ; 德意志革命发生的根源是什么 ; 德意志第二帝国覆亡阶段发生了哪些不可思议或令人唏嘘的事情, 等等, 本书都给予翔实、充分的解答。 |
| ● |
| 相关链接 |
|
|
|
正题名:德皇威廉二世回忆录
索取号:K835.16/3
 
预约/预借
| 序号 | 登录号 | 条形码 | 馆藏地/架位号 | 状态 | 备注 |
| 1 | 2000895372 | 2000895372 | 第三书库/ [索取号:K835.16/3] | 在馆 | |
| 2 | 2000895373 | 2000895373 | 第三书库/ [索取号:K835.16/3] | 在馆 | |
| 3 | 2000895374 | 2000895374 | 第三书库/ [索取号:K835.16/3] | 在馆 |